000 00705 a2200241 4500
001 200041815
999 _c200041815
_d39907
003 TR-AnTOB
005 20231213151721.0
008 160509b20089999tu fr0p 0 0
022 _a19861303
040 _aTR-AnTOB
041 _atur
_beng
050 _aH8.T87
099 _aJOURNAL - YDÜ SO
245 1 0 _aYakın Doğu Üniversitesi Sosyal Bilimler dergisi
_bNear East University journal of social sciences
260 _aLefkoşa :
_bYakın Doğu Üniversitesi,
_c2008-
300 _ac.:
_c24 sm.
310 _aYılda iki sayı.
500 _aÜniversite Yayınları
_3hakemli dergi
650 7 _aSosyal bilimler
_vSüreli yayınlar
_2etuturkob
_993212
942 _cCR